The taming of the shrew / (Record no. 287993)
[ view plain ]
| 000 -LEADER | |
|---|---|
| fixed length control field | 00545nam a2200169Ia 4500 |
| 008 - FIXED-LENGTH DATA ELEMENTS--GENERAL INFORMATION | |
| fixed length control field | 150610s9999 xx 000 0 und d |
| 020 ## - INTERNATIONAL STANDARD BOOK NUMBER | |
| International Standard Book Number | 9781411401006 |
| 050 ## - LIBRARY OF CONGRESS CALL NUMBER | |
| Classification number | PR2832 |
| Item number | .A25 2004 |
| 100 ## - MAIN ENTRY--PERSONAL NAME | |
| Personal name | Shakespeare, William, 1564-1616 |
| 245 #4 - TITLE STATEMENT | |
| Title | The taming of the shrew / |
| Statement of responsibility, etc | William Shakespeare . |
| 260 ## - PUBLICATION, DISTRIBUTION, ETC. (IMPRINT) | |
| Place of publication, distribution, etc | New York : |
| Name of publisher, distributor, etc | Spark Publishing, |
| Date of publication, distribution, etc | 2004. |
| 300 ## - PHYSICAL DESCRIPTION | |
| Extent | 249pages ; |
| Dimensions | 20 cm. |
| 520 ## - SUMMARY, ETC. | |
| Summary, etc | Juvenile drama. |
| 650 ## - SUBJECT ADDED ENTRY--TOPICAL TERM | |
| Topical term or geographic name as entry element | Married people |
| General subdivision | Juvenile drama. |
| 650 ## - SUBJECT ADDED ENTRY--TOPICAL TERM | |
| Topical term or geographic name as entry element | Padua (Italy) |
| General subdivision | Juvenile drama. |
| 650 ## - SUBJECT ADDED ENTRY--TOPICAL TERM | |
| Topical term or geographic name as entry element | Sex role |
| Topical term following geographic name as entry element | Juvenile drama. |
| Withdrawn status | Lost status | Damaged status | Home library | Current library | Shelving location | Date acquired | Total Checkouts | Full call number | Barcode | Date last seen | Price effective from | Koha item type |
|---|---|---|---|---|---|---|---|---|---|---|---|---|
| Stonyhurst Southville International School (Batangas) | Stonyhurst Southville International School (Batangas) | High School Section | 06/10/2015 | PR2832 .A25 2004 | US-1859 | 06/10/2015 | 06/10/2015 | Books |